[Event "Reública Checa ch"]
[Site "Karlovy Vary CZE"]
[Date "2005.02.11"]
[Round "11.4"]
[White "Stocek, Jiri"]
[Black "Vokac, Marek"]
[Result "1-0"]
[WhiteElo "2586"]
[BlackElo "2476"]
[PlyCount "167"]
[EventDate "2005.02.01"]
[EventType "tourn"]
[EventRounds "11"]
[EventCountry "CZE"]
[EventCategory "11"]
[Source "lmi"]
[SourceDate "2005.02.12"]

1. d4 Nf6 2. c4 g6 3. Nc3 Bg7 4. e4 d6 5. h3 c6 6. Nf3 a6 7. Bd3 O-O 8. O-O
Nbd7 9. e5 Ne8 10. exd6 exd6 11. a4 Nc7 12. Re1 Nf6 13. Bf4 Be6 14. a5 Nh5 15.
Bg5 f6 16. Bd2 f5 17. Na4 Bf7 18. Nb6 Rb8 19. Bg5 Nf6 20. Qd2 Ne6 21. Bh6 Re8
22. Bxg7 Kxg7 23. b4 Nf8 24. Rxe8 Nxe8 25. b5 Nd7 26. bxa6 bxa6 27. c5 dxc5 28.
Nxd7 Qxd7 29. dxc5 Nf6 30. Qf4 Re8 31. Bxa6 Qa7 32. Bf1 Qxc5 33. a6 Re4 34. Qd2
Qa7 35. Qc3 Bd5 36. Ne5 c5 37. Bb5 Qc7 38. Nd7 Rd4 39. Nxc5 Qf4 40. g3 Qd2 41.
Qxd2 Rxd2 42. a7 Rc2 43. Ne6+ Kf7 44. Nd8+ Ke7 45. Nc6+ Rxc6 46. a8=Q Rc1+ 47.
Rxc1 Bxa8 48. Rc7+ Ke6 49. Bc4+ Ke5 50. Re7+ Kd4 51. Ba6 Bd5 52. Bb7 Bc4 53. g4
fxg4 54. hxg4 h6 55. f3 g5 56. Kf2 Bb3 57. Be4 h5 58. gxh5 Nxh5 59. Bf5 Nf6 60.
Kg3 Ba2 61. Kf2 Bb3 62. Kg3 Ba2 63. Bg4 Bb1 64. Re6 Nh7 65. Bh5 Kd5 66. Bf7 Kd4
67. Kg4 Bc2 68. Bg8 Nf8 69. Re8 Nd7 70. Rd8 Ke5 71. Kxg5 Kd6 72. Re8 Nc5 73.
Re3 Bb1 74. Bf7 Bc2 75. Bg6 Ba4 76. Bf5 Bb5 77. f4 Bc6 78. Kf6 Ba4 79. Re2 Bb3
80. Rd2+ Bd5 81. Rd1 Kc6 82. Ke5 Bb3 83. Rc1 Kb5 84. Kd4 1-0

[Event "Reública Checa ch"]
[Site "Karlovy Vary CZE"]
[Date "2005.02.11"]
[Round "11.5"]
[White "Klima, Lukas"]
[Black "Hracek, Zbynek"]
[Result "1/2-1/2"]
[WhiteElo "2484"]
[BlackElo "2600"]
[PlyCount "34"]
[EventDate "2005.02.01"]
[EventType "tourn"]
[EventRounds "11"]
[EventCountry "CZE"]
[EventCategory "11"]
[Source "lmi"]
[SourceDate "2005.02.12"]

1. e4 e5 2. Nf3 Nc6 3. Bb5 Nf6 4. O-O Nxe4 5. d4 Nd6 6. Bg5 Be7 7. Bxe7 Qxe7 8.
Bxc6 dxc6 9. dxe5 Nf5 10. Nbd2 Be6 11. Qe2 O-O 12. Ne4 h6 13. Rfd1 Rad8 14. h3
c5 15. c4 b6 16. b3 Bc8 17. Nc3 Bb7 1/2-1/2

[Event "Reública Checa ch"]
[Site "Karlovy Vary CZE"]
[Date "2005.02.11"]
[Round "11.6"]
[White "Cifka, Stanislav"]
[Black "Haba, Petr"]
[Result "1/2-1/2"]
[WhiteElo "2292"]
[BlackElo "2525"]
[PlyCount "37"]
[EventDate "2005.02.01"]
[EventType "tourn"]
[EventRounds "11"]
[EventCountry "CZE"]
[EventCategory "11"]
[Source "lmi"]
[SourceDate "2005.02.12"]

1. d4 d5 2. c4 e6 3. Nf3 Nf6 4. g3 dxc4 5. Bg2 Nc6 6. Qa4 Bb4+ 7. Bd2 Bd6 8.
Qxc4 O-O 9. O-O e5 10. Nc3 exd4 11. Nxd4 Ne5 12. Qa4 c6 13. Rad1 h6 14. Qc2 Qe7
15. Nf5 Bxf5 16. Qxf5 Rfe8 17. Ne4 Nxe4 18. Qxe4 Bc5 19. Bc3 1/2-1/2